| 000 | 00391nam a2200169Ia 4500 | ||
|---|---|---|---|
| 001 | 9876 | ||
| 003 | GE_BSU | ||
| 008 | 181216s||||||||xx |||||||||||||| ||und|| | ||
| 020 | _a9770013061220 | ||
| 040 | _cGE_BSU | ||
| 245 | 4 | _aThe Economist, may 17th-23RD 2014. volume 411 number 8887 | |
| 260 | _aLondon | ||
| 260 | _c2014 | ||
| 300 | _a82p.27cm. | ||
| 653 | _aThe Economist | ||
| 942 | _cCR | ||
| 999 |
_c43155 _d43155 |
||